LEADER 01207nam a2200229 i 4500 001 000000001484 003 CaOOAMICUS 005 20180830125435.0 008 180830s1890 fr u000 u und u 040 $aSeMil$bita 100 1 $aVigouroux, Fulcran,$c.$0(OLS)http://semarc/name/575 245 13$aLe livres saints et la critique rationaliste histoire et réfutation des objections des incredules contre les saintes écritures /$cpar F. F. Vigouroux. 250 $a4. éd. revue et augmentée. 260 $aParis :$bRoger & Chernoviz,$c1890-1891. 300 $a5 v. ;$c21 cm. 774 0 $tPremiere partie: Histoire.$g1$w()65835 774 0 $tSecond partie, Refutation des objections, tome troisieme.$g3$w()231450 774 0 $tPremiere partie, tome second: Histoire.$g2$w()231451 774 0 $tSeconde partie, refutation des objections, 3.$g5$w()231452 774 0 $tSecond partie, Refutation des objections, tome quatrieme.$g4$w()231453 996 $6245$aLe livres saints et la critique rationaliste histoire et réfutation des objections des incredules contre les saintes écritures$9(OLS)http://semarc/title/2400 996 $6260$aParis :$bRoger & Chernoviz$9(OLS)http://semarc/publisher/30277 LEADER 00843nam a2200205 i 4500 001 000000243608 003 CaOOAMICUS 005 20150713000000.0 008 150713s1952 it u000 u ita u 013 $a222513 040 $aSeMil$bita 100 1 $aKelsen, Hans,$d<1881-1973>.$0(OLS)http://semarc/name/35023 240 10$aGeneral theory of law and state.$0(OLS)http://semarc/title/345483 245 10$aTeoria Generale del Diritto e dello Stato /$cHans Kelsen. 260 $aMilano :$bEdizioni di Comunità,$cstampa 1952. 300 $aXXVII, 503 p. ;$c26 cm. 850 $aSeMil 852 $aSeMil$W1$xVenegono$y1$m3N V 23$j193954$B193954$CSeMilBibl$Z2$F204627 $81 996 $6245$aTeoria Generale del Diritto e dello Stato$9(OLS)http://semarc/title/345482 996 $6260$aMilano :$bEdizioni di Comunità$9(OLS)http://semarc/publisher/31458